000 00469nam a22001812 4500
001 0000005441
005 20151217160102.0
008 070614s xx 000 0 eng d
040 _aKABU
_cKABU
050 0 _aPE1119
_b.I6C38
100 1 _aIpalei, Godfrey.
_@0000156753
245 1 0 _aCaught in the middle.
260 _aNairobi :
_bOUP,
_c2002.
300 _a38 p.
908 _a070614
950 _@1
999 _c14011
_d14011